1344 1659 1349 1160 1087 1818 1059 1548 1091 1939 1567 1535 1787 1242 1300 1673 1799 1177 1092 1534 1059 1222 1893 1228 1260 1511 1678 1473 1882 1001 1527 1826 1005 1473 1341 1278 1360 1519 1271 1235 1915 1359 1793 1057 1546 1856 1734 1399 1685 1837 1879 1427 1616 1490 1694 1418 1472 1201 1608 1940 1318 1228 1478 1791 1499 1189 1743 1616 1562 1245 1832 1865 1440 1570 1325 1202 1305 1695 1057 1946 1113 1934 1752 1214 1656 1570 1122 1791 1501 1611 1870 1469 1244 1959 1650 1858 1039 1619 1340 BCNSPRNW ULIB Ver.6.0+V

เปลี่ยนเป็นภาษาไทย

Change to English
 แสดงรายละเอียดบรรณานุกรม
  กลับหน้าหลัก

Brief Record : Get Marc (ISO 2709) : E-mail record : QR code < ปิดหน้าต่าง
LEADER : 00000nam 2200000uu 4500
001    13399110898
003     ULIB
008    110613s||||||||th 000 0 tha d
020    9748679241(ล.18)
050  4 AC158^bM111D ล.18 2005
100 0  Martina, Guido
245    ดิสนีย์ส (Disney s) โลกมหัศจรรย์ : ผู้นำที่ยิ่งใหญ่/ ^cผู้แปลและเรียบเรียง ศูนย์การแปล คณะอักษณศาสตร์ จุฬาลงกรณ์มหาวิทยาลัย ; บรรณาธิการ ชาญศักดิ์ พงษ์สุวรรณ
260    กรุงเทพฯ : ^bโกเลียร์อินเตอร์เนชั่นแนล, ^c2005
300    20 เล่ม : ^bภาพประกอบ ; ^c26 ซม.
592    Buddhist era
650  7 ความรู้ทั่วไป
700    ชาญศักดิ์ พงษ์สุวรรณ, ^eบรรณาธิการ
710    จุฬาลงกรณ์มหาวิทยาลัย. ^bคณะอักษรศาสตร์. ^bศูนย์การแปล
945    ^p850^l0^i023044
995    ทศพร
999 ^a ใช้งานได้ทุกระบบ
รายการนี้ยังไม่มีแท็ก
คุณยังไม่ได้ล็อกอิน คุณสามารถมีกิจกรรมร่วมกับเว็บไซต์ได้ แต่ต้องล็อกอินก่อน ::
  ล็อกอิน

รายการสื่อสารสนเทศ

ลำดับที่ ประเภท เลขเรียก/บาร์โค้ด สถานที่ สถานะ
- ไม่พบข้อมูล -

รายการใกล้เคียง
    ผู้แต่ง [Martina, Guido]

    หัวเรื่อง [ความรู้ทั่วไป]

BibComment


ยังไม่เคยถูกคอมเมนท์

คอมเมนท์ทรัพยากรรายการนี้
  คอมเมนท์: ดิสนีย์ส Disney s..


 Copyright 2026. Bcnsprnw @Library